000 00576nam a22001937a 4500
005 20251108172149.0
008 250721s1988 xx 000 0 ara d
082 1 4 _a922.1/علي
100 1 _aعمارة، محمد
245 1 0 _aعلي بن أبي طالب عصرية جديدة /
250 _aط2
264 1 _aبيروت :
_bالمؤسسة العربية للدراسات،
_c1988.
300 _a155ص
490 0 _aسلسلة الفكر الديني المعاصر
650 1 7 _aالإسلام
650 1 7 _aالتراجم
942 _2ddc
_cBK
999 _c72055
_d72055